[Event "Santa Maria di Sala op-B 29th"]
[Site "Santa Maria di Sala"]
[Date "2022.12.09"]
[Round "1"]
[White "Pietrobon, Gabriele"]
[Black "Morganti, Lionello"]
[Result "0-1"]
[WhiteElo "1745"]
[BlackElo "1580"]
[PlyCount "91"]
[EventDate "2022.12.09"]
[EventType "swiss"]
[EventRounds "5"]
[EventCountry "ITA"]
[SourceTitle "EXT 2024"]
[Source "ChessBase"]
[SourceDate "2023.10.10"]
[SourceVersion "1"]
[SourceVersionDate "2023.10.10"]
[SourceQuality "1"]

1. e4 d6 2. d4 Nf6 3. Nc3 g6 4. g3 Bg7 5. Bg2 0-0 6. Nge2 e5 7. dxe5 dxe5 8. Qxd8 Rxd8 9. 0-0 c6 10. h3 Be6 11. Be3 Na6 12. a3 b6 13. Rfd1 Nc7 14. Kf1 Bf8 15. Ke1 Be7 16. Rxd8+ Rxd8 17. Rd1 Rxd1+ 18. Kxd1 Kf8 19. Nc1 Nd7 20. Nd3 f6 21. Kd2 Ke8 22. Bf1 c5 23. Bg2 Nf8 24. Nd5 Nxd5 25. exd5 Bc8 26. c4 Bd6 27. f3 e4 28. fxe4 Bxg3 29. b4 cxb4 30. axb4 Nd7 31. c5 b5 32. Bf3 Ne5 33. Nxe5 Bxe5 34. h4 Bg3 35. h5 g5 36. Bd4 Be5 37. Ke3 Bf4+ 38. Kd3 Be5 39. Bxe5 fxe5 40. h6 g4 41. Be2 g3 42. Ke3 a6 43. Kf3 Bg4+ 44. Ke3 g2 45. Bxg4 g1Q+ 46. Kf3 0-1

[Event "Mestre Cipressina op-B 4th"]
[Site "Mestre"]
[Date "2015.11.27"]
[Round "1"]
[White "Marino, Maurizio"]
[Black "Pietrobon, Gabriele"]
[Result "0-1"]
[WhiteElo "1496"]
[BlackElo "1786"]
[PlyCount "74"]
[EventDate "2015.11.27"]
[EventType "swiss"]
[EventRounds "5"]
[EventCountry "ITA"]
[SourceTitle "EXT 2022"]
[Source "ChessBase"]
[SourceDate "2021.10.06"]
[SourceVersion "1"]
[SourceVersionDate "2021.10.06"]
[SourceQuality "1"]

1. e4 d6 2. Nf3 Nf6 3. d3 g6 4. Be2 Bg7 5. c3 0-0 6. Bg5 c5 7. Na3 Nc6 8. Qd2 Re8 9. h4 Bg4 10. Nc4 b5 11. Ne3 h5 12. 0-0 Qc8 13. Nxg4 Nxg4 14. Rac1 b4 15. Nh2 bxc3 16. bxc3 Nxh2 17. Kxh2 Rb8 18. Bf4 Qc7 19. g4 hxg4 20. Bxg4 Ne5 21. Bd1 Qb7 22. Kg2 c4 23. Bxe5 dxe5 24. Bf3 Qd7 25. Rfd1 Red8 26. Be2 Rb6 27. Qg5 Qb7 28. Qg4 f5 29. Qf3 cxd3 30. Bxd3 Rbd6 31. Bc4+ Kh7 32. Bd5 Qd7 33. h5 fxe4 34. Qxe4 Rxd5 35. Qxg6+ Kh8 36. Rh1 Rg8 37. Qe4 Bh6+ 0-1

[Event "Treviso U2100 op"]
[Site "Treviso"]
[Date "2005.12.04"]
[Round "3.10"]
[White "De Nardi, Riccardo"]
[Black "Pietrobon, Gabriele"]
[Result "1-0"]
[WhiteElo "1943"]
[BlackElo "1637"]
[PlyCount "71"]
[EventDate "2005.12.03"]
[EventType "swiss"]
[EventRounds "5"]
[EventCountry "ITA"]
[SourceTitle "EXT 2024"]
[Source "ChessBase"]
[SourceDate "2023.10.10"]
[SourceVersion "1"]
[SourceVersionDate "2023.10.10"]
[SourceQuality "1"]

1. e4 d6 2. d4 Nf6 3. Nc3 g6 4. Be3 Bg7 5. Qd2 c6 6. f3 Nbd7 7. Nh3 b5 8. 0-0-0 Qa5 9. b3 Rb8 10. Kb1 Nb6 11. Nd5 Qxd2 12. Nxf6+ Bxf6 13. Rxd2 Bd7 14. Nf2 a5 15. g4 a4 16. h4 axb3 17. cxb3 e5 18. dxe5 dxe5 19. Bc5 Be6 20. Rd6 Nd7 21. Rxc6 Nxc5 22. Rxc5 Bd7 23. Be2 Bg7 24. g5 h6 25. Kb2 hxg5 26. hxg5 Rxh1 27. Nxh1 Kd8 28. Nf2 Bf8 29. Rd5 Kc7 30. Kc2 Rc8 31. Bxb5 Kb6+ 32. Bc4 Be6 33. Rb5+ Ka7 34. Kc3 Bc5 35. Bxe6 Bxf2+ 36. Bc4 1-0

[Event "Treviso WE op 28th"]
[Site "Treviso"]
[Date "2004.12.08"]
[Round "5.14"]
[White "Pietrobon, Gabriele"]
[Black "Roberti, Ignazio"]
[Result "0-1"]
[WhiteElo "1643"]
[BlackElo "1960"]
[PlyCount "104"]
[EventDate "2004.12.04"]
[EventType "swiss"]
[EventCountry "ITA"]
[SourceTitle "EXT 2024"]
[Source "ChessBase"]
[SourceDate "2023.10.10"]
[SourceVersion "1"]
[SourceVersionDate "2023.10.10"]
[SourceQuality "1"]

1. e4 e5 2. Nf3 Nf6 3. Nc3 Nc6 4. Bb5 Bc5 5. d3 d6 6. 0-0 h6 7. Be3 Bb6 8. Nd5 0-0 9. Nxb6 axb6 10. h3 Be6 11. a3 Ra5 12. c4 Ne7 13. b4 Ra8 14. Ba4 Ng6 15. Bb3 Qd7 16. Nh2 Nh5 17. f4 Bxh3 18. gxh3 Qxh3 19. Qe2 Nh4 20. Rf3 Nxf3+ 21. Qxf3 Qxf3 22. Nxf3 Nxf4 23. Bc2 g5 24. Kf2 Kg7 25. a4 f6 26. d4 h5 27. Rd1 Rad8 28. Nh2 Kg6 29. Rd2 g4 30. Nf1 h4 31. Bxf4 exf4 32. e5+ f5 33. e6 Rde8 34. d5 Re7 35. Rd4 Kg5 36. Bd1 h3 37. Kg1 Rh8 38. Nh2 f3 39. Bc2 f4 40. Bd1 Rg8 41. Nxg4 Kxg4 42. Kf2 Kf5 43. Bxf3 Rg3 44. Rd1 Reg7 45. Re1 Re7 46. c5 bxc5 47. bxc5 dxc5 48. d6 cxd6 49. Bxb7 Rxb7 50. e7 Rb2+ 51. Re2 Rxe2+ 52. Kxe2 Re3+ 0-1

[Event "Treviso WE op 28th"]
[Site "Treviso"]
[Date "2004.12.04"]
[Round "1.4"]
[White "Pietrobon, Gabriele"]
[Black "Pesco, Giuseppe"]
[Result "1/2-1/2"]
[WhiteElo "1643"]
[BlackElo "2084"]
[PlyCount "95"]
[EventDate "2004.12.04"]
[EventType "swiss"]
[EventCountry "ITA"]
[SourceTitle "EXT 2024"]
[Source "ChessBase"]
[SourceDate "2023.10.10"]
[SourceVersion "1"]
[SourceVersionDate "2023.10.10"]
[SourceQuality "1"]

1. e4 d6 2. d4 Nf6 3. Nc3 g6 4. f4 Bg7 5. Nf3 c6 6. Bc4 b5 7. Bb3 b4 8. e5 bxc3 9. exf6 Bxf6 10. bxc3 0-0 11. Be3 a5 12. Bc4 Nd7 13. 0-0 Nb6 14. Bd3 Nd5 15. Bd2 e6 16. Rb1 Qc7 17. c4 Ne7 18. Qe1 c5 19. c3 Ba6 20. h4 h5 21. Qe2 Rfc8 22. d5 exd5 23. cxd5 c4 24. Be4 Bb7 25. Ng5 Bxd5 26. Bxd5 Qc5+ 27. Be3 Qxd5 28. Rfd1 Qc6 29. Rb6 Qc7 30. Rbxd6 Bxg5 31. Bb6 Qb7 32. hxg5 Nf5 33. Rd8+ Kh7 34. Qf2 Rxd8 35. Bxd8 Qe4 36. Bf6 h4 37. Re1 Qd3 38. g4 Ng3 39. Qh2 Qf3 40. Qxh4+ Nh5 41. gxh5 gxh5 42. Rf1 Qe2 43. Rf2 Qd1+ 44. Kg2 Rb8 45. Qg3 Rb1 46. Qh3 Qg1+ 47. Kf3 Qd1+ 48. Kg2 1/2-1/2

[Event "Treviso op-B 27th"]
[Site "Treviso"]
[Date "2003.12.08"]
[Round "4.19"]
[White "De Col, Daniele"]
[Black "Pietrobon, Gabriele"]
[Result "0-1"]
[WhiteElo "1500"]
[BlackElo "1600"]
[PlyCount "72"]
[EventDate "2003.12.06"]
[EventType "swiss"]
[EventRounds "5"]
[EventCountry "ITA"]
[SourceTitle "EXT 2024"]
[Source "ChessBase"]
[SourceDate "2023.10.10"]
[SourceVersion "1"]
[SourceVersionDate "2023.10.10"]
[SourceQuality "1"]

1. Nf3 Nf6 2. d3 d6 3. e4 Nc6 4. Be2 g6 5. Be3 e5 6. Nc3 Bg7 7. 0-0 0-0 8. Qd2 Re8 9. Bh6 Bh8 10. h3 Be6 11. Ng5 d5 12. Nxe6 Rxe6 13. exd5 Nxd5 14. Ne4 f5 15. Ng5 Rd6 16. Bf3 Qe7 17. Rfe1 Bf6 18. c4 Ndb4 19. Bd5+ Nxd5 20. cxd5 Rxd5 21. Rad1 Rad8 22. Qe2 Bxg5 23. Bxg5 Qxg5 24. a3 Nd4 25. Qe3 Qxe3 26. fxe3 Nc6 27. d4 exd4 28. exd4 Rxd4 29. Rc1 Rd2 30. b4 a6 31. Kh2 Ra2 32. Rb1 Rdd2 33. Kg3 Rxa3+ 34. Kf4 Rd4+ 35. Kg5 Kg7 36. b5 h6# 0-1

[Event "Graticolato op-B U1700 8th"]
[Site "Santa Maria di Sala"]
[Date "2000.11.19"]
[Round "2.5"]
[White "Pietrobon, Gabriele"]
[Black "Valentini, Luca"]
[Result "0-1"]
[WhiteElo "1563"]
[BlackElo "1551"]
[PlyCount "84"]
[EventDate "2000.11.18"]
[EventType "swiss"]
[EventRounds "6"]
[EventCountry "ITA"]
[SourceTitle "EXT 2023"]
[Source "ChessBase"]
[SourceDate "2022.10.05"]
[SourceVersion "1"]
[SourceVersionDate "2022.10.05"]
[SourceQuality "1"]

1. e4 c5 2. Nc3 Nc6 3. g3 g6 4. Bg2 Bg7 5. Nge2 d6 6. d3 e6 7. Be3 Nge7 8. Qd2 Nd4 9. 0-0-0 Nec6 10. Bg5 Qa5 11. Kb1 Nb4 12. a3 Nbxc2 13. Rc1 Nxe2 14. Nxe2 Qxd2 15. Bxd2 Nd4 16. Nxd4 Bxd4 17. Bc3 Bxc3 18. Rxc3 e5 19. Rhc1 Be6 20. b4 b6 21. f4 f6 22. R3c2 Kd7 23. Rf2 Rac8 24. b5 Ke7 25. Kb2 g5 26. f5 Bd7 27. a4 a6 28. Kc3 axb5 29. Rb2 b4+ 30. Kb3 Ra8 31. Ra2 Ra5 32. Bf1 Rha8 33. Rca1 b5 34. axb5 Rxa2 35. Rxa2 Rxa2 36. Kxa2 Bxb5 37. Kb3 d5 38. exd5 Kd6 39. Kc2 Kxd5 40. Bg2+ Kd4 41. Be4 b3+ 42. Kxb3 Bxd3 0-1

[Event "Padova op-B 2nd"]
[Site "Padova"]
[Date "1999.12.19"]
[Round "5.22"]
[White "Pietrobon, Gabriele"]
[Black "Conz, Flavio"]
[Result "1-0"]
[WhiteElo "1485"]
[BlackElo "1633"]
[PlyCount "91"]
[EventDate "1999.12.11"]
[EventType "swiss"]
[EventRounds "6"]
[EventCountry "ITA"]
[SourceTitle "EXT 2024"]
[Source "ChessBase"]
[SourceDate "2023.10.10"]
[SourceVersion "1"]
[SourceVersionDate "2023.10.10"]
[SourceQuality "1"]

1. e4 d5 2. exd5 Qxd5 3. Nc3 Qd8 4. d4 Nf6 5. Be3 e6 6. Nf3 Bb4 7. Qd3 c6 8. Qc4 Qa5 9. Bd3 Nbd7 10. a3 Bxc3+ 11. Qxc3 Qc7 12. 0-0 Nd5 13. Qd2 N7f6 14. Rfe1 Nxe3 15. Rxe3 b5 16. Ne5 Bb7 17. Rg3 g6 18. Rf3 Nd7 19. Rxf7 0-0-0 20. b4 Qd6 21. Qc3 Nxe5 22. dxe5 Qd4 23. Qxd4 Rxd4 24. Re7 a6 25. Rxe6 Kd7 26. Rf6 Ke7 27. f3 Rf8 28. Rxf8 Kxf8 29. Kf2 Ke7 30. Ke3 c5 31. c3 Rd5 32. Be4 Rxe5 33. Kf4 Kf6 34. Bxb7 h5 35. Be4 Rg5 36. g3 h4 37. Rd1 Rh5 38. g4 g5+ 39. Ke3 Rh8 40. Rd6+ Ke7 41. Rxa6 cxb4 42. axb4 Rc8 43. Rc6 Rd8 44. Ke2 Rd7 45. Rb6 Rc7 46. Rb7 1-0